Research in islam : (Record no. 347407)
[ view plain ]
| 000 -LEADER | |
|---|---|
| fixed length control field | 00614 a2200157 4500 |
| 020 ## - INTERNATIONAL STANDARD BOOK NUMBER | |
| International Standard Book Number | 0860371336 (paperback) |
| 020 ## - INTERNATIONAL STANDARD BOOK NUMBER | |
| International Standard Book Number | 9780860371335 (paperback) |
| 090 ## - LOCALLY ASSIGNED LC-TYPE CALL NUMBER (OCLC); LOCAL CALL NUMBER (RLIN) | |
| -- | 4979 |
| -- | 4979 |
| 100 1# - MAIN ENTRY--PERSONAL NAME | |
| Personal name | Denffer, Ahmad Von. |
| 245 10 - TITLE STATEMENT | |
| Title | Research in islam : |
| Remainder of title | basics, principles and practical suggestions / |
| Statement of responsibility, etc. | Ahmad Von Denffer. |
| 260 ## - PUBLICATION, DISTRIBUTION, ETC. | |
| Place of publication, distribution, etc. | [S.l.] : |
| Name of publisher, distributor, etc. | Islamic Foundation, |
| Date of publication, distribution, etc. | 1983. |
| 300 ## - PHYSICAL DESCRIPTION | |
| Extent | 84 p. |
| 520 ## - SUMMARY, ETC. | |
| Summary, etc. | This handbook introduces Muslim students to basic methods and techniques of research. |
| 856 40 - ELECTRONIC LOCATION AND ACCESS | |
| Materials specified | Amazon.com |
| Uniform Resource Identifier | <a href="http://www.amazon.com/exec/obidos/ASIN/0860371336/chopaconline-20">http://www.amazon.com/exec/obidos/ASIN/0860371336/chopaconline-20</a> |
| 942 ## - ADDED ENTRY ELEMENTS (KOHA) | |
| Institution code [OBSOLETE] | NBS |
| Koha item type | Book |
| Call number prefix | 3297.072 DEN |
| Withdrawn status | Lost status | Damaged status | Not for loan | Permanent Location | Current Location | Shelving location | Date acquired | Total Checkouts | Full call number | Barcode | Date last seen | Price effective from | Koha item type |
|---|---|---|---|---|---|---|---|---|---|---|---|---|---|
| Central Library (CL) | Central Library (CL) | First Floor - Islam | 08/28/2013 | 3297.072 DEN | NBS4483 | 08/28/2013 | 08/28/2013 | Book | |||||
| Central Library (CL) | Central Library (CL) | First Floor - Islam | 08/28/2013 | 3297.072 DEN | NBS4481 | 08/28/2013 | 08/28/2013 | Book | |||||
| Central Library (CL) | Central Library (CL) | First Floor - Islam | 08/28/2013 | 3297.072 DEN | NBS4480 | 08/28/2013 | 08/28/2013 | Book |
